[Event "NED-ch59"]
[Site "Leeuwarden"]
[Date "2004.07.06"]
[Round "6"]
[White "Van Wely, Loek"]
[Black "Sokolov, Ivan"]
[Result "1-0"]
[WhiteElo "2651"]
[BlackElo "2690"]
[Annotator "Huebner,R"]
[PlyCount "103"]
[EventDate "2004.06.30"]
[EventType "tourn"]
[EventRounds "9"]
[EventCountry "NED"]
[EventCategory "12"]
[SourceTitle "CBM 102"]
[Source "ChessBase"]
[SourceDate "2004.09.23"]
[SourceVersion "1"]
[SourceVersionDate "2004.09.23"]
[SourceQuality "1"]

1. d4 d5 2. c4 c6 3. Nf3 Nf6 4. Nc3 dxc4 5. a4 Bf5 6. e3 e6 7. Bxc4 Bb4 8. O-O
O-O 9. Qe2 Bg4 10. Rd1 Qa5 11. e4 Qh5 (11... Bxc3 12. bxc3 Qxc3 13. Bd2 Bxf3
14. gxf3 Qxd4 15. Bb4 Qe5 16. Bxf8 Kxf8 17. Rd8+ Ke7 18. Rad1 {sieht ungünstig
für Schwarz aus.}) 12. h3 (12. e5 Nd5 13. Ne4 Bxf3 14. gxf3 Nd7 15. Ng3 Qh3 16.
f4 f5 17. a5 $15 {1-0 Hrivnak,D-Chura,J/CZE 1995/EXT 98 (31). (30)}) 12... Bxf3
13. Qxf3 Qxf3 14. gxf3 Nbd7 {Die Stellung dürfte ausgeglichen sein. Es gibt
einen Vorgänger:} (14... a5 15. Be3 Nbd7 16. Rac1 Rfd8 17. Bf1 Nf8 18. Bg2 Ng6
19. Ne2 Rd7 20. f4 {1/2-1/2 Lukov,V-Paunovic,D/Rio Gallegos 1986/EXT 2003 (20).
}) 15. Be3 Rfd8 16. Na2 Be7 17. Nc1 (17. b4 a5 18. bxa5 (18. b5 Nb6 19. Bb3
cxb5 20. axb5 a4 {ist nicht gut für Weiß.}) 18... Rxa5 19. Nc3 Bb4 {nebst
Td8-a8 ist vollkommen befriedigend für Schwarz.}) (17. a5 a6 18. b4 Nf8 19.
Rab1 Ng6 20. Nc3 Rac8 21. Na4 {führt zu einer etwa ausgeglichenen Stellung. In
der Partie entsteht schließlich eine ganz ähnliche Struktur.}) 17... Ne5 ({
Auch mit der Fortsetzung} 17... a5 {erhält Schwarz eine befriedigende Struktur.
}) 18. Be2 Ng6 19. a5 a6 20. Nd3 h6 21. b4 Rab8 22. Kh1 Ne8 23. Rac1 Kh7 24.
Nc5 Nc7 25. Bc4 Nh4 26. f4 Bd6 (26... Bxc5 27. dxc5 (27. bxc5 f5 28. e5 Ng6 29.
Rb1 Ne7 30. Rb3 Ned5 31. Rdb1 Nb5 {sieht auch nicht gefährlich für Schwarz aus.
}) 27... f5 {verdient Erwägung:} 28. e5 (28. Rd6 fxe4 29. Rcd1 Nd5 {bringt dem
Weißen nur Verdruß.}) 28... Nd5 {usw. Der Textzug ist jedoch vollkommen
befriedigend.}) 27. Be2 Ng6 28. Nd3 f5 29. f3 Nb5 {Offenbar ist die Stellung
des Schwarzen grundsolide.} 30. Rg1 Bf8 31. Nc5 $6 {Um den Wert dieses Zuges
richtig einzuschätzen, ist es nötig, die Stellung zutreffend zu beurteilen,
die nach dem 39. Zuge von Schwarz entsteht - und das ist kein leichtes
Unterfangen. Es scheint mir aber deutlich zu sein, daß Weiß nur verlieren kann.
Er sollte sich statt dessen mit Remis zufrieden geben:} (31. Rc4 Nd6 32. Rc2
Nb5 (32... fxe4 33. fxe4 Nxe4 34. Ne5 Nxe5 35. fxe5 Ng5 36. h4 Nf7 37. Bc4 {
überläßt dem Weißen eine kräftige Initiative.}) 33. Rc4 $11) 31... Nxd4 (31...
Bxc5 32. dxc5 Nd4 33. Bd1 Rd7 {ist eine sichere und befriedigende Fortsetzung
für Schwarz.}) 32. Bxd4 Nxf4 33. Be5 (33. Nxe6 Nxe6 34. Be5 Rbc8 35. exf5 Nd4 {
ist offenbar nicht stärker.}) 33... Nxe2 34. Nxe6 Nxg1 35. Rxg1 g5 36. Bxb8
Rxb8 37. exf5 Bxb4 38. Rd1 Bxa5 39. Rd7+ Kh8 40. f6 Bb4 (40... Bc3 41. f7 ({
Nach} 41. Rf7 b5 {hat Weiß keine wirksame Angriffsfortsetzung.}) 41... Bb4 {
ist möglicherweise stärker, weil dem König des Schwarzen Raum geschaffen wird.}
) 41. h4 Re8 $2 (41... gxh4 {ist besser:} 42. Nd8 (42. Nf4 Bf8 43. Ng6+ Kg8 44.
Ne7+ Bxe7 45. fxe7 Re8 46. Rxb7 Kf7 {ist auch nicht einfach für Weiß.}) 42...
Bf8 43. Nxb7 Rc8 (43... Ra8 {kommt auch in Betracht.}) 44. Na5 c5 {Es ist
unklar, ob Weiß sich halten kann.}) 42. Nd8 {Jetzt hat Weiß schon Ausgleich.}
Re1+ (42... gxh4 43. Nf7+ Kg8 44. Nxh6+ Kh8 $11) 43. Kg2 Bf8 $2 {Dies sollte
zum Verlust führen.} (43... gxh4 $2 {scheitert an} 44. Rg7) (43... Re2+ {
verliert ebenfalls:} 44. Kh3 (44. Kf1 Rd2 45. Nf7+ Kh7 46. Rxb7 Kg6 47. Ne5+
Kf5 48. Nc4 (48. Rxb4 Kxe5 49. f7 Rd8 50. Re4+ Kf6 51. Re8 {wird mit} Rd1+ 52.
Ke2 Kxf7 {widerlegt.}) 48... Rd4 49. Rxb4 Kxf6 $11) 44... Bf8 (44... Kg8 45.
hxg5 hxg5 46. Kg4 {dürfte für Schwarz auch fatal sein.}) (44... Rd2 45. Nf7+
Kh7 46. Rxb7 Kg6 47. Ne5+ Kxf6 (47... Kf5 48. Rxb4 Kxe5 49. f7 Rd8 50. Re4+ {
und Weiß gewinnt.}) 48. Ng4+ Kg6 49. Rxb4 {und Schwarz kann nicht überleben.})
45. hxg5 hxg5 46. Kg4 {ist natürlich gefährlich für Schwarz.}) (43... Kg8 {
sieht am besten aus:} 44. Rg7+ (44. Rxb7 Bf8 45. Kf2 Re5 {ist nicht besser.})
44... Kf8 45. Rxb7 Bc3 46. hxg5 hxg5 47. Kf2 Ke8 48. Nxc6 Rh1 49. f7+ Kf8 {
nebst Th1-h6 ergibt eine Remisstellung.}) 44. Nf7+ $2 ({Mit} 44. Kf2 $18 {
konnte Weiß unmittelbar gewinnen:} Re8 (44... Rc1 45. hxg5 (45. Ne6 {genügt
wohl auch.}) 45... hxg5 46. Ne6 Bh6 47. f7 {usw.}) 45. Nf7+ Kg8 46. Nxh6+ Bxh6
47. f7+ Kf8 48. fxe8=R+ Kxe8 49. Rh7 {usw.}) 44... Kg8 $2 (44... Kh7 {ist viel
stärker:} 45. hxg5 (45. h5 Kg8 46. Nd8 b5 {ist ebenfalls verkehrt.}) (45. Ne5+
Kg8 46. Ng6 Re6 {ist nicht ersprießlich für Weiß.}) (45. Nxg5+ Kg6 46. Nh7 Re8
47. Rxb7 {führt zum Ausgleich.}) 45... hxg5 46. Rxb7 Kg6 47. Nh8+ Kf5 48. Rb8
Kxf6 49. Rxf8+ Kg7 {dürfte remis ergeben.}) 45. hxg5 hxg5 46. Nxg5 b5 47. f4
$18 b4 48. f5 (48. Kf2 Rh1 49. f7+ Kh8 50. Ne6 {ist einfacher. der Textzug
genügt aber zum Gewinn.}) 48... Re2+ (48... Re5 {führt ebenfalls zum Verlust:}
49. f7+ Kg7 (49... Kh8 50. Ne6 {ist nicht besser für Schwarz.}) 50. Ne6+ Rxe6 (
50... Kf6 51. Nxf8 Re7 52. Rd6+ Kxf7 53. Ng6) 51. fxe6 Kf6 52. Rd8 Be7 53.
f8=Q+ Bxf8 54. Rxf8+ Kxe6 55. Ra8 $18) 49. Kf3 Re5 50. Kf4 Rd5 51. Rh7 Bd6+ 52.
Kg4 1-0

[Event "Olympiad-36"]
[Site "Mallorca"]
[Date "2004.10.17"]
[Round "3"]
[White "Damljanovic, Branko"]
[Black "Gelfand, Boris"]
[Result "0-1"]
[WhiteElo "2578"]
[BlackElo "2693"]
[Annotator "Huebner,R"]
[PlyCount "86"]
[EventDate "2004.10.15"]
[EventType "team-swiss"]
[EventRounds "14"]
[EventCountry "ESP"]
[SourceTitle "CBM 104"]
[Source "ChessBase"]
[SourceDate "2005.01.27"]
[SourceVersion "1"]
[SourceVersionDate "2005.01.27"]
[SourceQuality "1"]
[WhiteTeam "Yugoslavia"]
[BlackTeam "Israel"]
[WhiteTeamCountry "YUG"]
[BlackTeamCountry "ISR"]

1. c4 Nf6 2. Nf3 c6 3. d4 d5 4. Nc3 dxc4 5. a4 Bf5 6. e3 e6 7. Bxc4 Bb4 8. O-O
Nbd7 9. Qe2 Bg6 10. e4 O-O 11. Bg5 $6 {Dies ist keine Verbesserung gegenüber
den üblichen Zügen 11.e5 und 11.Ld3.} Bxc3 12. bxc3 Bxe4 13. Ne5 Qa5 14. Nxd7
Nxd7 15. Be7 Rfe8 16. Bb4 Qf5 17. f3 Bd5 18. Bd3 Qf6 19. Qc2 h6 20. c4 c5 21.
dxc5 Bc6 22. Rad1 {Bis hierher ist alles schon in einer früheren Partie
vorgekommen. Das ist natürlich Zufall, denn Weiß steht schlecht: es liegt
daran, daß sich das Abspiel nach 11.Lg5 ziemlich zwangsläufig abspielt.} (22.
Rfd1 Qg5 23. Qf2 Rac8 24. a5 a6 25. Be2 e5 26. Rd6 e4 27. fxe4 Nf6 28. Rf1 Rc7
29. Bd2 Nxe4 30. Bxg5 Nxf2 31. Kxf2 hxg5 32. Rb1 Re5 33. Bf3 Bxf3 34. Kxf3
Rexc5 35. Rd5 Rxc4 36. Rxg5 Rc3+ 37. Kf2 f6 38. Rf5 Rc2+ 39. Kg3 R7c3+ 40. Rf3
Rc5 41. Rxb7 Rg5+ 42. Kf4 Rcxg2 43. Rd3 Rxh2 44. Ra7 Rh4+ {0-1 Heynes,
K-Calinescu,G/Groningen 1985/EXT 2000 (44).}) 22... Qe7 23. Bh7+ Kh8 24. Rd6 $2
{Weiß opfert eine Figur, erhält aber nicht genügend Angriff dafür. Eine zähere
Verteidigung besteht in} (24. Be4 Rac8 25. Qf2 {und Td1-d6 wenn möglich.})
24... g6 $19 25. Bxg6 fxg6 26. Qxg6 Qg5 (26... Qg7 {ist plausibler.}) 27. Bc3+
e5 28. Qc2 Rg8 29. Rf2 Raf8 30. Bd2 Qf5 31. Rxh6+ Kg7 32. Qc1 Nf6 33. Rh4 Kf7
34. a5 Rd8 35. h3 Bxf3 36. Rg4 Bxg4 37. Rxf5 Bxf5 38. Bg5 Bxh3 39. Bxf6 Rxg2+
40. Kh1 Rdd2 41. Bxe5 Rgf2 42. a6 Rf1+ 43. Qxf1+ Bxf1 0-1

[Event "Bundesliga 0405"]
[Site "Germany"]
[Date "2004.12.11"]
[Round "5.4"]
[White "Chuchelov, Vladimir"]
[Black "Krivoshey, Sergei"]
[Result "1/2-1/2"]
[WhiteElo "2571"]
[BlackElo "2499"]
[Annotator "Huebner,R"]
[PlyCount "50"]
[EventDate "2004.11.12"]
[EventType "team-tourn"]
[EventRounds "15"]
[EventCountry "GER"]
[SourceTitle "CBM 105"]
[Source "ChessBase"]
[SourceDate "2005.04.11"]
[SourceVersion "1"]
[SourceVersionDate "2005.04.11"]
[SourceQuality "1"]
[WhiteTeam "Katernberg"]
[BlackTeam "Hofheim"]
[WhiteTeamCountry "GER"]
[BlackTeamCountry "GER"]

1. Nf3 d5 2. d4 Nf6 3. c4 c6 4. Nc3 dxc4 5. a4 Bf5 6. e3 e6 7. Bxc4 Bb4 8. O-O
Nbd7 9. Qe2 Bg6 10. e4 O-O 11. Bd3 c5 {Vielleicht steht dieser Zug zu Unrecht
in Mißkredit. Z. Ribli gibt ihm in seinem Werk Slawisch, D16-19 (Informator
1996), S.131, Fußnote 805 ein Fragezeichen.} 12. e5 cxd4 13. Na2 {Damit kann
Weiß nichts erreichen. Kritisch ist die Fortsetzung 13.ef6:. Es folgen einige
Partien, in denen diese Fortsetzung angewandt wurde; sie scheinen mir in
Verbindung mit den beigefügten Verbesserungsvorschlägen für das Spiel des
Nachziehenden zu zeigen, daß Schwarz über ausreichende
Verteidigungsmöglichkeiten verfügt.} (13. exf6 dxc3 14. Bxg6 (14. fxg7 {
macht keinen großen prinzipiellen Unterschied:} Kxg7 15. Rd1 Qc7 16. bxc3 Bxc3
17. Bb2 Bxb2 18. Qxb2+ Kg8 (18... f6 19. Rac1 Nc5 20. Bxg6 hxg6 21. Nd4 Rfe8
22. Nb5 Qc6 23. Rd6 Qc8 $11 {1/2-1/2 Lesiege,A-Garbarino,R/Internet ICC 2000/
EXT 2001 (70). (70)}) 19. Rac1 Nc5 20. Bxg6 hxg6 21. Rd4 Rac8 22. Rh4 e5 $6 (
22... f6 $11) 23. Rhc4 Nd3 $6 24. Rxc7 Rxc7 25. Rxc7 Nxb2 26. Nxe5 Nxa4 27.
Rxb7 a6 28. f4 Nc5 29. Ra7 Kg7 30. Kf2 Kf6 31. Kf3 Kg7 32. h4 Kg8 33. g4 Kg7
34. g5 Kg8 35. Kg4 Kg7 36. f5 gxf5+ 37. Kxf5 Ne6 38. h5 Nd4+ 39. Ke4 Ne6 40.
h6+ Kg8 41. g6 Nd8 42. Nd7 Re8+ 43. Kd5 {1-0 Smyslov,V-Penrose,J/Amsterdam
1954/EXT 2001 (43).}) 14... hxg6 15. fxg7 Kxg7 16. Rd1 Qc7 (16... Qe7 17. bxc3
Bc5 18. c4 $16 {1-0 Averbakh,Y-Penrose,J/London 1954/MCL (28). (27)}) 17. Qb5
Bd6 18. Qd3 (18. bxc3 Ne5 19. Nxe5 Bxe5 20. g3 Rfd8 21. Be3 a6 $17 {1/2-1/2
Izoria,Z-Handke,F/Barcelona 2004/CBM 102 ext (25). (25)}) 18... c2 19. Rd2 Be7
$6 ({Besser ist} 19... Rad8 20. Rxc2 (20. Qxd6 Qxd6 21. Rxd6 Nc5 {ist
gefährlich für Weiß.}) 20... Qb8 $11) 20. Qxd7 Qxd7 21. Rxd7 Rfd8 22. Rd2 Bb4
23. Kf1 Bxd2 24. Bxd2 Rac8 25. Rc1 $14 {1-0 Najdorf,M-Rossetto,H/Mar del Plata
1944/HCL (45). (44)}) 13... Nd5 14. Bxg6 hxg6 15. Nxb4 Nxb4 16. Ng5 (16. Nxd4
a6 17. Qe4 Nc5 18. Qg4 Qd5 19. Nf3 Ne4 {1/2-1/2 Ristic,N-Mirzoev,A/Athens 1999/
EXT 2000 (19).}) 16... Qc7 17. Bd2 Nd5 (17... Nc6 18. f4 Rfd8 19. a5 Nf8 20.
Qd3 {mit der Absicht Sg5-e4-d6 ist nicht stärker als die Textfortsetzung.}) 18.
Rfe1 Qc2 19. Rad1 Rfe8 ({Auch nach} 19... Rfc8 20. Qf3 ({oder} 20. Qg4 Nf8 21.
Qf3 Qf5 22. Qg3) 20... Qf5 21. Qg3 {dürfte die Stellung ungefähr im
Gleichgewicht bleiben.}) 20. Qg4 Nf8 21. Qf3 Qf5 22. Qg3 Qc2 23. Qf3 Qf5 24.
Qg3 Qc2 25. Qf3 Qf5 1/2-1/2

[Event "Scandic Hotels CC"]
[Site "Stockholm"]
[Date "1999.08.08"]
[Round "9"]
[White "Sjoberg, Mats"]
[Black "Engqvist, Thomas"]
[Result "1-0"]
[WhiteElo "2348"]
[BlackElo "2340"]
[Annotator "Huebner,R"]
[PlyCount "81"]
[EventDate "1999.07.31"]
[EventType "tourn"]
[EventRounds "9"]
[EventCountry "SWE"]
[EventCategory "9"]
[SourceTitle "CBM 073"]
[Source "ChessBase"]
[SourceDate "1999.12.01"]
[SourceVersion "1"]
[SourceVersionDate "1999.12.01"]
[SourceQuality "1"]

1. d4 d5 2. c4 c6 3. Nf3 Nf6 4. Nc3 dxc4 5. a4 Bf5 6. e3 e6 7. Bxc4 Bb4 8. O-O
Nbd7 9. Qe2 Bg4 10. h3 Bxf3 11. Qxf3 O-O 12. Qd1 {Besonders überzeugend sieht
dieses Manöver nicht aus; aber die Struktur der Stellung des Nachziehenden ist
sehr solide. In der Vorgängerpartie errreichte Weiß mit dem plausibleren Zug
12.Td1 auch keinen Vorteil:} (12. Rd1 Rc8 13. Ne4 Nxe4 14. Qxe4 Qa5 15. Qc2 Nb6
16. Bd3 g6 17. e4 Rfd8 $11 {1/2-1/2 Beliavsky,A-Ivanchuk,V/Munich 1994/CBM 42 
(62)}) 12... e5 13. Ne2 exd4 14. Qxd4 Bc5 $6 {Dieser Zug ist mir einigermaßen
unverständlich. Ich würde den Läufer auf b4 mit} (14... a5 {decken,
gleichzeitig die Schwächen der Bauernstruktur des Weißen am Damenflügel
fixierend. Schwarz kann danach zum Beispiel mit Sd7-c5 fortfahren und meines
Erachtens auf die Erreichung eines Vorteils hoffen.}) 15. Qc3 Qe7 16. Ng3 Ne4 (
16... g6 $5 {kommt in Betracht, obwohl die schwarzen Felder am Königsflügel
geschwächt werden; der Nachziehende verfügt ja noch über seinen
schwarzfeldrigen Läufer.}) 17. Nxe4 Qxe4 18. Bd3 Qe7 19. Qc2 h6 20. a5 a6 21.
Qb3 {Dies sieht einigermaßen gekünstelt aus.} (21. Ra4 {oder}) (21. b3 {
scheinen mir plausiblere Fortsetzungen zu sein.}) 21... Rab8 (21... Nf6 $5) 22.
Bb1 Rfd8 23. Bd2 Nf8 24. Bc3 Rd5 25. Ra4 Bd6 $6 (25... Rbd8 {sieht natürlicher
aus.}) 26. Re4 Qd7 (26... Ne6 $5 {ist vorzuziehen.}) 27. Rg4 Rg5 28. Rxg5 hxg5
29. f4 $6 ({Nach} 29. Rd1 Qe7 30. Kf1 {hat Weiß eine gewisse Initiative. Der
Textzug ist zu ungestüm; die Bauernformation des Weißen am Königsflügel wird
ruiniert.}) 29... Qe6 30. Qxe6 Nxe6 31. f5 Nc7 32. Rd1 Nd5 33. Bd4 Bc7 34. e4
Nf6 (34... Nf4 35. Bb6 Bxb6+ 36. axb6 {gefolgt von Td1-d7 ist unvorteilhaft
für Schwarz.}) 35. Bxf6 ({Auf} 35. b4 {kann} b6 ({Die Fortsetzung} 35... Rd8
36. Bc2 {überläßt dem Weißen einigen Vorteil.}) 36. Bxf6 gxf6 37. Rd7 Rb7 {
folgen.}) 35... gxf6 36. Rd7 Bxa5 37. Ba2 Bb6+ 38. Kh2 Kh8 $2 ({Nach} 38... Rf8
39. Rxb7 Bd4 {kann Weiß nicht gewinnen.}) 39. Rxf7 Bd4 40. Kg3 Bxb2 41. Kg4 1-0

[Event "Olympiad-36"]
[Site "Mallorca"]
[Date "2004.10.16"]
[Round "2"]
[White "Stefansson, Hannes"]
[Black "Dominguez Perez, Leinier"]
[Result "0-1"]
[WhiteElo "2549"]
[BlackElo "2645"]
[Annotator "Huebner,R"]
[PlyCount "66"]
[EventDate "2004.10.15"]
[EventType "team-swiss"]
[EventRounds "14"]
[EventCountry "ESP"]
[SourceTitle "CBM 104"]
[Source "ChessBase"]
[SourceDate "2005.01.27"]
[SourceVersion "1"]
[SourceVersionDate "2005.01.27"]
[SourceQuality "1"]
[WhiteTeam "Iceland"]
[BlackTeam "Cuba"]
[WhiteTeamCountry "ISL"]
[BlackTeamCountry "CUB"]

1. d4 d5 2. c4 c6 3. Nf3 Nf6 4. Nc3 dxc4 5. a4 Bf5 6. e3 e6 7. Bxc4 Bb4 8. O-O
Nbd7 9. Qe2 Bg4 10. h3 Bxf3 11. Qxf3 O-O 12. Rd1 Rc8 13. e4 e5 14. Be3 Qa5 (
14... Qe7 15. Re1 (15. d5 $5) 15... exd4 16. Bxd4 Ne5 17. Qe2 c5 18. Bxe5 Qxe5
$11 {1-0 Cmilyte,V-Matras,A/Warsaw 1999/EXT 2000 (42). (41)}) 15. Ne2 {Dies
ist ein neuer Zug. In der Vorgängerpartie geschah} (15. Na2 Bd6 16. Nc3 exd4 (
16... Bb4 $11) 17. Bxd4 Ne5 18. Qe2 Rfe8 (18... Nxc4 19. Bxf6 (19. Qxc4 Be5)
19... gxf6 20. Qxc4 Rcd8 {vollkommen gesund zu sein. Der Textzug ist aber
sicher auch gut spielbar.}) 19. Ba2 Bc5 20. f4 Rcd8 21. Bxc5 Qxc5+ 22. Kh2 Ng6
23. g3 Nd5 $2 (23... h5 24. Rxd8 (24. e5 Rxd1 25. Rxd1 h4 {sieht nicht gut für
Weiß aus.}) 24... Rxd8 25. e5 Nd5 26. Nxd5 cxd5 27. Rg1 {entsteht eine schwer
einzuschätzende Stellung, doch vermute ich daß Schwarz ausreichendes
Gegenspiel besitzt.}) 24. Nxd5 cxd5 25. e5 Ne7 26. Rac1 Qb4 27. Qb5 Qe4 (27...
Qxb5 28. axb5 Rd7 29. Rd4 {entsteht, scheint mir so gut wie hoffnungslos für
Schwarz zu sein.}) 28. Bb1 Qe3 29. Kg2 a6 (29... d4 {im Trüben zu fischen.})
30. Qd3 Qxd3 ({Die Fortsetzung} 30... Nf5 31. Re1 Qxd3 32. Bxd3 {ist nicht
attraktiver für Schwarz.}) 31. Bxd3 $16 {1-0 Kasimdzhanov,R-Bareev,E/Sarajevo
2003/CBM 96/[Huebner,R] (56). (55)}) 15... exd4 16. Bxd4 Ne5 17. Qb3 Rce8 18.
Ng3 {Dies ist die konsequente Fortsetzung. Nur zum Ausgleich führt} (18. Nc3
Nxc4 19. Qxc4 Re6 (19... Nxe4 20. Bxg7 Nd6 21. Rxd6 (21. Qg4 h5 22. Qf4 Kxg7
23. Rd5 $11 {führt zum Remis.}) 21... Bxd6 22. Bxf8 Bxf8 {mit Ausgleich.}) 20.
f3 Rd8 $11 {mit etwa gleichem Spiel.}) 18... g6 (18... Nxc4 19. Qxc4 (19. Bxf6
{ist nicht gesund:} Nd2 20. Rxd2 Bxd2 21. Nf5 gxf6 22. Qg3+ Bg5 {, und Schwarz
gewinnt.}) 19... Nxe4 {ist riskant:} 20. Bxg7 Nxg3 ({Nach} 20... Kxg7 21. Nxe4
{steht der König des Schwarzen ein bißchen nackt da.}) 21. Bxf8 Ne2+ 22. Kf1
Kxf8 23. Rd7 Ng3+ 24. Kg1 Ne2+ 25. Kh1 (25. Kf1 Ng3+ $11) 25... Re6 26. Rxb7 {
Die Lage des Schwarzen sieht nicht gemütlich aus.}) 19. Rac1 Nfd7 20. Qe3 $6 (
20. Be2 Nc5 (20... c5 21. Be3 Nb6 22. Bh6 {ist nicht besser für Schwarz.}) 21.
Qc2 (21. Bxc5 Bxc5 22. Qxb7 Rb8 23. Qa6 Qb4 {gibt dem Weißen keinen Vorteil.})
21... Ne6 22. Be3 {gibt dem Weißen einen gesunde Stellung mit etwas besserem
Spiel.}) (20. Bf1 Nc5 21. Qc2 Ne6 22. Be3 {kommt ungefähr auf dasselbe hinaus.}
) 20... Nxc4 21. Rxc4 c5 22. Qh6 $2 {Dies ist nicht genügend.} (22. Bc3 Qxa4 {
Schwarz hat einen gesunden Mehrbauern.}) (22. Bg7 {gibt dem Weißen einigen
Vorteil:} Kxg7 (22... Nb6 23. Qh6 {, und Weiß gewinnt.}) 23. Rxd7 Qa6 (23...
Qxa4 24. Nh5+ Kh8 (24... gxh5 25. Qg5+ Kh8 26. Qf6+ Kg8 27. Rd3 h4 28. e5 {
und Weiß gewinnt.}) 25. Nf6 Qa1+ 26. Kh2 Qxb2 27. Nxe8 Qe5+ 28. f4 Qe6 29. Qd3
Rxe8 30. Rxb7 {mit Vorteil für Weiß.}) 24. Rc1 h6 25. b3 {mit unbequemer
Stellung für Schwarz.}) (22. Qb3 {ist nicht das beste:} Nb6 23. Rxb4 Qxb4 (
23... cxb4 {scheitert an} 24. Nf5 h5 25. Qe3 Qxf5 26. Qh6) 24. Qxb4 cxb4 {
ist nicht ganz befriedigend, denn} 25. Bc5 {wird mit} Rd8 {beantwortet.}) 22...
cxd4 23. Rdxd4 Be7 $19 24. Nf5 gxf5 25. Rxd7 Qe5 26. exf5 Bf6 27. Rg4+ Kh8 28.
Rxb7 Bg7 $6 (28... Qe1+ 29. Kh2 Be5+ 30. f4 Bd4 {, und Schwarz gewinnt.}) 29.
Qd2 Rd8 30. Qc2 $6 (30. Qc1 {stellt dem Schwarzen noch einige technische
Probleme.}) 30... Qe1+ 31. Kh2 Be5+ 32. f4 Bd4 33. h4 h5 0-1

[Event "Scandic Hotels CC"]
[Site "Stockholm"]
[Date "2000.08.03"]
[Round "6"]
[White "Tella, Jussi"]
[Black "Hillarp Persson, Tiger"]
[Result "0-1"]
[WhiteElo "2428"]
[BlackElo "2549"]
[Annotator "Huebner,R"]
[PlyCount "104"]
[EventDate "2000.07.29"]
[EventType "tourn"]
[EventRounds "9"]
[EventCountry "SWE"]
[EventCategory "10"]
[SourceTitle "CBM 079"]
[Source "ChessBase"]
[SourceDate "2000.11.21"]
[SourceVersion "1"]
[SourceVersionDate "2000.11.21"]
[SourceQuality "1"]

1. d4 d5 2. c4 c6 3. Nf3 Nf6 4. Nc3 dxc4 5. a4 Bf5 6. e3 e6 7. Bxc4 Bb4 8. O-O
O-O 9. Qe2 Bg6 10. Ne5 Nbd7 11. Nxg6 hxg6 12. Rd1 Qa5 13. Bd2 e5 14. d5 Rad8
15. Be1 e4 16. dxc6 bxc6 17. Rd4 Ne5 18. Rad1 (18. Ba6 {wurde in einer
Vorgängerpartie gespielt:} c5 19. Rxd8 Rxd8 20. Bc4 {1-0 Norris,A-Campbell,E/
Largs 1998/EXT 99 (31). Natürlich ist dies alles wenig überzeugend; Weiß muß
um Ausgleich kämpfen.}) 18... c5 19. Rd6 Rxd6 20. Rxd6 Rd8 21. Ra6 $6 {Dies
ist ein scharfer Gewinnversuch, aber es ist nicht ohne Gefahr, den Turm aus
dem Zentum zu entfernen.} (21. Rxd8+ Qxd8 22. h3 {führt zum Ausgleich.}) 21...
Qc7 22. Nb5 $2 (22. h3 Bxc3 23. bxc3 Nxc4 24. Qxc4 Rd1 {ist fatal für Weiß. Er
mußte seinen Königsläufer dem Angriff entziehen:}) (22. Bb5 Nd3 (22... Neg4 23.
f4 exf3 24. gxf3 {bringt dem Schwarzen nichts.}) 23. f3 {mit
Überlebensaussichten.}) 22... Qb8 $2 (22... Qc8 {gewann Material, zum Beispiel:
} 23. Nxa7 (23. Nc3 Bxc3 24. bxc3 Nxc4 25. Qxc4 Rd1 26. Kf1 Qb8 {führt
ebenfalls zu einer für Weiß hoffnungslosen Stellung.}) 23... Qb7 24. Bb5 Nf3+
25. gxf3 exf3 26. Qf1 Rd1 {usw.}) 23. Bxb4 Nfg4 24. g3 ({Zu unklarem Ergebnis
führt der Versuch} 24. Bxf7+ {. Nach} Kxf7 25. f4 exf3 26. gxf3 Nxh2 27. Rxa7+
Kg8 28. Bc3 Nhxf3+ {steht Schwarz allerdings sicher nicht schlechter.}) 24...
cxb4 25. Nd4 Qb7 26. Bb3 $2 Nf3+ {Dies ist die zwingendste Fortsetzung.
Weniger klar ist} (26... Nxf2 27. Qb5 Qxb5 28. axb5 Nfg4 29. Rxa7 Nxe3 30. Re7)
({oder} 26... Rc8 27. Kg2 Rc1 28. Rxg6 Nxg6 29. Qxg4) 27. Nxf3 exf3 28. Qb5 {
Andere Züge sind nicht erfolgreicher:} (28. Qf1 Rd2 $19) (28. Qc4 Ne5 29. Qf1 (
{Nichts hilft} 29. Qb5 Qxb5 30. axb5 Rd3 31. Rxa7 (31. Ba4 b3 32. h3 Rd1+ 33.
Kh2 Rf1 34. Rxa7 Rxf2+ 35. Kg1 Rg2+ 36. Kf1 Nc4 {, und Schwarz gewinnt.}) 31...
Rxb3 32. b6 Rxb2 33. h3 Rb1+ 34. Kh2 b3 35. b7 Nd7 36. Ra8+ Kh7 37. Rd8 b2 38.
b8=Q Nxb8 39. Rxb8 g5 40. g4 g6 41. e4 Kg7 42. e5 f5 {und Schwarz gewinnt,
indem er mit seinem König nach e2 marschiert; bei} 43. Rb3 Kf7 44. Rb6 Ke7 45.
Rb3 Ke6 46. Rb5 {verfügt er über das Reservetempo} f4) 29... Rd2 {mit
Gewinnstellung für Schwarz}) 28... Rc8 $6 {Der Textzug genügt zum Gewinn, aber}
(28... Qe4 {hätte den Kampf sofort beendet.}) 29. Rd6 Rc1+ 30. Rd1 Rxd1+ 31.
Bxd1 Qxb5 32. axb5 Ne5 33. h3 (33. Kf1 Kf8 34. Ke1 Ke7 35. Kd2 Kd6 {ist
ebenfalls hoffnungslos für Weiß.}) 33... Kf8 34. g4 Ke7 35. Kh2 Nd3 ({
Vielleicht war} 35... Kd6 36. Kg3 g5 37. h4 gxh4+ 38. Kxh4 Kc5 {einfacher.})
36. b3 Nxf2 37. Bxf3 Nd3 38. Bd5 f6 (38... Ne5 {ist genauer.}) 39. Kg3 ({Mit} 
39. b6 axb6 40. Kg3 {konnte Weiß versuchen, eine Festung zu errichten.}) 39...
Kd6 40. Bf7 g5 41. Bg6 (41. b6 a5 {ist jetzt schon hoffnungslos für Weiß.})
41... Ne5 42. Be8 Kc7 43. Kf2 Kd8 44. b6 a6 45. b7 Kc7 46. e4 Kxb7 47. Ke3 Kc7
48. Kd4 Kd6 49. Ba4 Nf3+ 50. Kc4 a5 51. Kb5 Nd2 52. Kxa5 Kc5 0-1